| 000 | 00729nam a2200241Ia 4500 | ||
|---|---|---|---|
| 003 | GCL | ||
| 008 | 140319s9999 xx 000 0 ara d | ||
| 040 |
_aGCL / _cGCL |
||
| 082 | 0 | 4 |
_a210 _bح م |
| 100 | 1 | _aحلمى عبدالمجيد | |
| 245 | 1 | 0 |
_aمختارات اسلامية: 6 ج / _cحلمى عبدالمجيد |
| 260 |
_a[S.N] : _bالمكتب المصرى الحديث ، _c1987 |
||
| 300 | _a157 | ||
| 490 |
_aمختارات اسلامية _v0 |
||
| 650 | 0 | 4 | _aالاسلام |
| 650 | 0 | 4 | _aالعقائد |
| 650 | 0 | 4 | _aالدين الاسلامى |
| 650 | 0 | 4 | _aالانبياء |
| 650 | 0 | 4 | _aالصلاة |
| 650 | 0 | 4 | _aعبادات |
| 650 | 0 | 4 | _aالاسلام - قضايا معاصرة |
| 942 |
_2ddc _cBK |
||
| 999 |
_c34897 _d34897 |
||